[Event "3rd Sharjah Masters 2019"]
[Site "Sharjah"]
[Date "2019.03.24"]
[Round "3.40"]
[White "Zaibi, Amir"]
[Black "Thrish, Karthik"]
[Result "1-0"]
[WhiteElo "2386"]
[BlackElo "2096"]
[Annotator "TA"]
[PlyCount "141"]
[EventDate "2019.03.22"]
[EventType "swiss"]
[EventCountry "UAE"]
[SourceTitle "playchess.com"]
[Source "ChessBase"]
[SourceQuality "1"]

{[%evp 10,141,61,16,60,36,42,33,80,76,99,78,87,85,84,56,81,54,63,67,81,39,48,47,95,97,105,108,104,88,124,103,143,142,195,163,230,204,328,313,441,431,589,260,305,306,289,262,258,269,225,209,248,0,0,0,0,0,26,33,204,226,202,214,219,213,198,201,189,173,189,77,94,0,173,173,175,175,176,123,123,123,123,123,123,123,123,115,194,186,164,163,888,890,821,808,630,613,844,854,780,725,1310,1156,1506,1506,1498,1498,1227,1114,1498,1239,29974,29975,29972,753,29950,12695,11523,7960,1803,1356,854,846,29974,29975,29975,29976,29970,29972,29974,29977,29991,29992]} 1. c4 Nf6 2. Nc3 Nc6 3. d4 e5 4. d5 Ne7 5. e4 Ng6 6. Be3 d6 {A50: Queen's Fianchetto Defence (1 d4 Nf6 2 c4 b6)} 7. h3 Be7 8. Nf3 h5 {White is slightly better.} (8... h6 9. g3 Nh7 10. Qc2 O-O 11. Bd3 c5 12. h4 Bd7 13. Nd2 a6 {1-0 (34) Bartel,M (2631)-Cherniaev,A (2483) Biel 2015}) 9. Be2 $146 ({Predecessor:} 9. Qc2 h4 10. c5 Bd7 11. Nb5 Bxb5 12. Bxb5+ c6 13. cxd6 Qa5+ 14. Bd2 Qxb5 {1-0 (31) Karle,M (2073)-Persson,J (2039) Sweden 2010}) 9... h4 10. Rc1 O-O 11. O-O Nh7 12. b4 f5 13. c5 fxe4 14. Nxe4 Nf4 15. cxd6 cxd6 16. Nfd2 Nf6 17. Bxf4 Nxe4 18. Be3 Nxd2 19. Qxd2 (19. Bxd2 Bg5 $11) 19... Bf5 20. Rc4 b5 21. Rc6 Rf6 (21... a6 $16 {might work better.} 22. Bh5 g6) 22. Rfc1 Rg6 (22... a6 $142 23. Qd1 Rf8) 23. Bh5 $18 (23. Bxb5 Bxh3 24. Kh2 (24. Bf1 Bxg2 25. Bxg2 h3 $11) 24... Bxg2 $14) 23... Rg5 (23... Rf6 {was worth a try.} 24. Rc7 Rf8) 24. Qd1 a5 (24... Qf8 $142 25. Rc7 Qf6 26. Bxg5 Qxg5) 25. bxa5 Qxa5 26. Ra1 (26. Rc7 $142 g6 27. Bxg6 {[%mdl 64] Remove Defender} (27. Rxe7 Rxh5 28. Qb3 Rh7 $16) 27... Rxg6 28. Qh5) 26... Rf8 27. Bxg5 Bxg5 28. Bg4 Bxg4 29. Qxg4 (29. hxg4 $6 Qa7 $16) 29... Qd2 30. Qe6+ {[%mdl 64] Double Attack} (30. Rxd6 Qxf2+ 31. Kh1 Be3 $11) 30... Kh7 31. Rf1 $2 ({Don't do} 31. Rxd6 $6 Qxf2+ 32. Kh1 Rf6 $14) ({White has to play} 31. Qxd6 $18 Qxf2+ 32. Kh1) 31... Rxf2 $1 $11 32. Qg4 (32. Rxf2 $2 {is the wrong capture.} Qe1+ 33. Kh2 Qxf2 $19) 32... Rxf1+ 33. Kxf1 {[%mdl 4096] Endgame And now Qf5+ would win. KQR-KQB} Qd3+ 34. Qe2 Qxd5 $2 ({Black should try} 34... Qb1+ $14 35. Kf2 Qf5+ 36. Ke1 e4) 35. Qh5+ $18 Bh6 36. Qf5+ g6 37. Rc7+ Bg7 {[#]} 38. Qg4 $1 Qxa2 39. Qxh4+ Kg8 40. Rc8+ (40. Qe7 $18 {[%csl Gc7][%cal Re7g7] has better winning chances.} Qa1+ 41. Ke2 Qa2+ 42. Kf3 Qa8+ 43. Kg3) 40... Kf7 41. Rc7+ (41. Rc1 $16) 41... Kg8 42. Kg1 {[%mdl 1024] White wants to mate with Qd8+. White has strong compensation.} Qb1+ 43. Kh2 {Qe7 would kill now.} Qf5 44. Qd8+ ({Better is} 44. Qe7 $18 {[%csl Gc7][%cal Re7g7]} Qf8 45. Qe6+ Kh7 46. Rf7) 44... Bf8 $16 {[#]} 45. Qd7 $1 {[%cal Rd7h7]} Qxd7 46. Rxd7 {KR-KB} b4 47. Kg3 b3 48. Rb7 Bh6 (48... b2 $16 49. Rxb2 Kf7) 49. Kf3 $18 ({Don't take} 49. Rxb3 Kf7 $16) 49... d5 50. Rxb3 Kf7 $2 (50... e4+ 51. Ke2 d4) 51. Rb7+ Kf6 52. Rb6+ Kf7 53. Rd6 d4 54. Ke4 Bf4 55. Ra6 Kg7 56. Ra3 Kf6 57. g3 Be3 58. Ra6+ Kg5 59. Re6 Bf2 60. Rxe5+ Kh6 61. Kf3 Be3 62. Rd5 (62. Rxe3 $142 dxe3 63. Kxe3 Kg7 64. Kf4 Kf6 65. h4 Kf7 66. Kg5 Kg7 67. g4) 62... g5 63. Rd6+ (63. g4 $142 Kg6 64. Ke4 Bf2 65. Rxd4 Bg3 66. Rd3 Bh2 67. Rc3 Bg1 68. Rc6+ Kf7 69. Kf5) 63... Kg7 64. Ke4 Kf7 65. Kf5 Ke7 66. Rd5 Kf7 67. Rd7+ {White mates.} Ke8 68. Ke6 Kf8 69. h4 gxh4 70. gxh4 Bf2 71. Rf7+ {[%mdl 64] Double Attack. Accuracy: White = 66%, Black = 31%.} 1-0

[Event "3rd Sharjah Masters 2019"]
[Site "Sharjah"]
[Date "2019.03.24"]
[Round "3.41"]
[White "Dr., Murtaza Ali"]
[Black "Saurabh Anand"]
[Result "0-1"]
[WhiteElo "2084"]
[BlackElo "2385"]
[Annotator "NA"]
[PlyCount "62"]
[EventDate "2019.03.22"]
[EventType "swiss"]
[EventCountry "UAE"]
[SourceTitle "playchess.com"]
[Source "ChessBase"]
[SourceQuality "1"]
[TimeControl "5400+30"]

1. e4 {[%emt 0:00:00]} e5 {[%emt 0:00:00]} 2. Nf3 {[%emt 0:00:00]} Nc6 {[%emt 0:00:00]} 3. Bc4 {[%emt 0:00:19]} Nf6 {[%emt 0:00:04]} 4. O-O {[%emt 0:01:16]} Nxe4 {[%emt 0:01:32]} 5. Qe2 {[%emt 0:02:57]} d5 {[%emt 0:03:33]} 6. Bb5 {[%emt 0:00:15]} f6 {[%emt 0:10:20]} 7. d4 {[%emt 0:04:48]} Qd6 {[%emt 0:02:55]} 8. dxe5 {[%emt 0:12:50]} fxe5 {[%emt 0:00:19]} 9. Nc3 {[%emt 0:01:24]} Nxc3 {[%emt 0:01:00]} 10. bxc3 {[%emt 0:00:01]} e4 {[%emt 0:00:58]} 11. Nd4 {[%emt 0:00:44]} Bd7 {[%emt 0:09:01]} 12. Bxc6 {[%emt 0:04:31]} Bxc6 {[%emt 0:00:47]} 13. Rb1 {[%emt 0:01:01]} Be7 {[%emt 0:08:01]} 14. Qh5+ {[%emt 0:09:41]} g6 {[%emt 0:02:01]} 15. Qh6 {[%emt 0:00:46]} Bf8 {[%emt 0:03:44]} 16. Qh4 {[%emt 0:00:56]} Bg7 {[%emt 0:00:47]} 17. Bf4 {[%emt 0:06:45]} Qd7 {[%emt 0:00:28]} 18. Qg3 {[%emt 0:03:52]} Rc8 {[%emt 0:03:08]} 19. Be5 {[%emt 0:04:15]} O-O {[%emt 0:00:47]} 20. Bxg7 {[%emt 0:00:39]} Kxg7 {[%emt 0:00:36]} 21. f3 {[%emt 0:00:18]} Rce8 {[%emt 0:01:26]} 22. fxe4 {[%emt 0:00:43]} dxe4 {[%emt 0:00:53]} 23. Rxf8 Rxf8 {[%emt 0:01:31]} 24. Qe5+ {[%emt 0:01:32]} Kg8 {[%emt 0:00:17]} 25. Re1 {[%emt 0:18:51]} Qf7 {[%emt 0:04:08]} 26. Qg3 {[%emt 0:01:22]} Bd5 {[%emt 0:02:47]} 27. h3 {[%emt 0:00:56]} c5 {[%emt 0:06:25]} 28. Nb5 {[%emt 0:01:21]} a6 {[%emt 0:00:22]} 29. Nd6 {[%emt 0:00:04]} Qe6 {[%emt 0:00:45]} 30. c4 {[%emt 0:01:24]} Bc6 {[%emt 0:00:00]} 31. Rf1 {[%emt 0:01:50]} e3 {[%emt 0:00:58]} 0-1

[Event "3rd Sharjah Masters 2019"]
[Site "Sharjah"]
[Date "2019.03.24"]
[Round "3.42"]
[White "Salem, Ahmed Salem"]
[Black "Sukandar, Irine Kharisma"]
[Result "0-1"]
[WhiteElo "2069"]
[BlackElo "2381"]
[Annotator "NA"]
[PlyCount "80"]
[EventDate "2019.03.22"]
[EventType "swiss"]
[EventCountry "UAE"]
[SourceTitle "playchess.com"]
[Source "ChessBase"]
[SourceQuality "1"]
[TimeControl "5400+30"]

1. e4 {[%emt 0:09:44]} c5 {[%emt 0:00:00]} 2. Nf3 {[%emt 0:00:05]} d6 {[%emt 0:00:14]} 3. d4 {[%emt 0:00:04]} Nf6 {[%emt 0:00:15]} 4. Nc3 {[%emt 0:01:00]} cxd4 {[%emt 0:00:26]} 5. Nxd4 {[%emt 0:00:16]} a6 {[%emt 0:00:26]} 6. Bc4 {[%emt 0:01:14]} e6 {[%emt 0:00:27]} 7. Bb3 {[%emt 0:00:22]} Be7 {[%emt 0:00:41]} 8. Be3 {[%emt 0:00:08]} O-O {[%emt 0:01:52]} 9. Qe2 {[%emt 0:01:14]} Nc6 {[%emt 0:01:46]} 10. O-O-O {[%emt 0:00:14]} Qc7 {[%emt 0:01:18]} 11. f3 {[%emt 0:03:31]} Na5 {[%emt 0:02:06]} 12. g4 {[%emt 0:02:01]} b5 {[%emt 0:02:18]} 13. g5 {[%emt 0:01:14]} Nxb3+ {[%emt 0:00:41]} 14. axb3 {[%emt 0:03:39]} Nd7 {[%emt 0:01:13]} 15. h4 {[%emt 0:02:23]} b4 {[%emt 0:02:53]} 16. Na4 {[%emt 0:01:46]} Nc5 {[%emt 0:04:05]} 17. Qc4 {[%emt 0:08:40]} Bd7 {[%emt 0:03:48]} 18. Qxb4 {[%emt 0:02:42]} Nxa4 {[%emt 0:02:26]} 19. bxa4 {[%emt 0:00:38]} Rfc8 {[%emt 0:00:19]} 20. Rd3 {[%emt 0:06:42]} Rab8 {[%emt 0:02:52]} 21. Qa3 {[%emt 0:00:26]} Qd8 {[%emt 0:08:00]} 22. Rc3 {[%emt 0:03:20]} d5 {[%emt 0:07:38]} 23. Rxc8 {[%emt 0:00:40]} Rxc8 {[%emt 0:00:06]} 24. Qd3 {[%emt 0:01:41]} Bxa4 {[%emt 0:02:33]} 25. e5 {[%emt 0:00:52]} Qa5 {[%emt 0:01:41]} 26. Kb1 {[%emt 0:03:02]} Bb5 {[%emt 0:02:38]} 27. Qd2 {[%emt 0:05:24]} Bb4 {[%emt 0:02:06]} 28. Qf2 {[%emt 0:02:06]} Bc4 {[%emt 0:00:57]} 29. Nb3 {[%emt 0:03:45]} Bxb3 {[%emt 0:00:28]} 30. cxb3 {[%emt 0:00:04]} Qb5 {[%emt 0:00:31]} 31. Rd1 {[%emt 0:01:09]} Bf8 {[%emt 0:02:22]} 32. Ka2 {[%emt 0:00:29]} Rb8 {[%emt 0:01:36]} 33. Qc2 {[%emt 0:00:34]} Qa5+ {[%emt 0:00:17]} 34. Kb1 {[%emt 0:00:10]} Qb4 {[%emt 0:00:11]} 35. Ka2 {[%emt 0:01:28]} Qxh4 {[%emt 0:01:04]} 36. f4 {[%emt 0:00:34]} Qh3 {[%emt 0:01:04]} 37. Qc7 {[%emt 0:01:18]} Rb5 {[%emt 0:00:44]} 38. Rd3 {[%emt 0:00:10]} d4 {[%emt 0:01:59]} 39. b4 {[%emt 0:03:04]} Rd5 {[%emt 0:05:25]} 40. Qb8 {[%emt 0:00:06]} Qf1 {[%emt 0:02:27]} 0-1

[Event "3rd Sharjah Masters 2019"]
[Site "Sharjah"]
[Date "2019.03.24"]
[Round "3.43"]
[White "Assaubayeva, Bibisara"]
[Black "Mihoubi, Saad"]
[Result "1-0"]
[WhiteElo "2376"]
[BlackElo "2088"]
[Annotator "NA"]
[PlyCount "61"]
[EventDate "2019.03.22"]
[EventType "swiss"]
[EventCountry "UAE"]
[SourceTitle "playchess.com"]
[Source "ChessBase"]
[SourceQuality "1"]
[TimeControl "5400+30"]

1. d4 {[%emt 0:00:06]} d5 {[%emt 0:00:00]} 2. c4 {[%emt 0:00:10]} Nf6 {[%emt 0:00:00]} 3. Nf3 {[%emt 0:00:54]} e6 {[%emt 0:00:50]} 4. Nc3 {[%emt 0:00:25]} c6 {[%emt 0:01:00]} 5. Bg5 {[%emt 0:00:42]} Be7 {[%emt 0:00:23]} 6. e3 {[%emt 0:00:33]} O-O {[%emt 0:01:02]} 7. Qc2 {[%emt 0:00:56]} Nbd7 {[%emt 0:01:09]} 8. Rd1 {[%emt 0:01:08]} h6 {[%emt 0:00:24]} 9. Bh4 {[%emt 0:00:32]} dxc4 {[%emt 0:06:49]} 10. Bxc4 {[%emt 0:00:32]} b5 {[%emt 0:01:34]} 11. Bd3 {[%emt 0:05:55]} Bb7 {[%emt 0:01:13]} 12. O-O {[%emt 0:04:22]} Qb6 {[%emt 0:07:21]} 13. Ne5 {[%emt 0:05:00]} Bd6 {[%emt 0:03:45]} 14. Nxd7 {[%emt 0:03:51]} Nxd7 {[%emt 0:00:13]} 15. Ne4 {[%emt 0:01:15]} Qc7 {[%emt 0:01:43]} 16. h3 {[%emt 0:06:44]} Bh2+ {[%emt 0:05:33]} 17. Kh1 {[%emt 0:00:07]} g5 {[%emt 0:12:42]} 18. Bg3 {[%emt 0:03:41]} Bxg3 {[%emt 0:00:18]} 19. Nxg3 {[%emt 0:00:13]} Nf6 {[%emt 0:04:19]} 20. Bxb5 {[%emt 0:02:24]} Rfc8 {[%emt 0:02:35]} 21. Be2 {[%emt 0:06:14]} a5 {[%emt 0:07:45]} 22. Rc1 {[%emt 0:03:15]} a4 {[%emt 0:00:34]} 23. Bf3 {[%emt 0:06:46]} Ra5 {[%emt 0:01:40]} 24. Qd2 {[%emt 0:02:49]} Qb6 {[%emt 0:03:22]} 25. Rc2 {[%emt 0:02:07]} Rb5 {[%emt 0:02:11]} 26. Rfc1 {[%emt 0:03:54]} Kg7 {[%emt 0:02:10]} 27. Be2 {[%emt 0:01:24]} Rd5 {[%emt 0:01:22]} 28. Rc5 {[%emt 0:03:50]} Rcd8 {[%emt 0:00:56]} 29. Qc3 {[%emt 0:06:04]} Rb8 {[%emt 0:05:06]} 30. Bf3 {[%emt 0:01:08]} Rdd8 {[%emt 0:04:27]} 31. d5 {[%emt 0:01:26]} 1-0

[Event "3rd Sharjah Masters 2019"]
[Site "Sharjah"]
[Date "2019.03.24"]
[Round "3.44"]
[White "Shanya, Mishra"]
[Black "Boudriga, Mohamed Ali"]
[Result "1-0"]
[WhiteElo "2026"]
[BlackElo "2369"]
[Annotator "TA"]
[PlyCount "123"]
[EventDate "2019.03.22"]
[EventType "swiss"]
[EventCountry "UAE"]
[SourceTitle "playchess.com"]
[Source "ChessBase"]
[SourceQuality "1"]

{[%evp 12,123,66,44,50,47,75,77,74,68,63,52,60,69,70,75,73,73,83,68,79,60,70,43,52,4,45,39,53,40,33,0,0,-32,-25,-34,0,0,0,9,14,10,25,13,16,0,0,0,16,0,39,39,29,34,125,94,198,12,19,0,0,0,0,0,0,0,0,0,0,0,0,0,0,0,143,141,237,8,8,4,8,0,334,319,418,0,0,0,0,0,0,0,0,0,0,0,0,0,0,0,602,585,2535,1999,4133,808,707,675,6226,6079,5502,5253,29994,29995]} 1. d4 d6 2. c4 g6 3. e4 Bg7 4. Nf3 Bg4 5. Be2 Bxf3 6. Bxf3 c6 7. Nc3 Qb6 {A42: Modern Defence: Averbakh Variation} 8. d5 Nf6 9. O-O O-O {White is better.} 10. Rb1 Nbd7 11. Be3 Qc7 12. Be2 Rfc8 13. Qd2 a6 14. Rfc1 Qd8 15. f3 $146 ({Predecessor:} 15. b4 cxd5 16. exd5 {1-0 (44) Tait,J (2420)-McNab,C (2487) Australia 2002}) 15... Ne8 16. b4 cxd5 17. cxd5 Nb6 18. a3 Nf6 19. Nd1 Nfd7 20. Qa2 Na4 21. Qd2 b5 22. Bd4 Bxd4+ 23. Qxd4 Rxc1 24. Rxc1 Rc8 25. Qd2 Rc7 26. Ne3 Qc8 27. Rxc7 Qxc7 28. Qc2 Qb6 29. Qd2 Qc7 30. Qc2 Nc3 31. Kf1 {Black must now prevent Ke1.} Nb6 32. Bd3 Nba4 (32... Na8 $14) 33. Nd1 $1 $16 e6 {[#]} (33... f5 $16) 34. dxe6 $2 (34. e5 $1 $18 {[%mdl 512]}) 34... fxe6 $11 35. Ke1 d5 36. exd5 exd5 37. Nxc3 Nxc3 38. Kd2 d4 39. Qb3+ Kg7 40. Qe6 Na4 41. g3 Nb2 {aiming for ...Qc3+.} 42. Qe4 Qd6 (42... Qc3+ $11 43. Ke2 Nc4 44. Qe7+ Kg8 45. Qd8+ Kg7 46. Qe7+ Kg8 47. Qd8+ Kf7 48. Qc7+ Kf8 49. Qc8+ Kg7 50. Qc7+ Kg8 51. Qc8+ Kf7 52. Qd7+ Kf8 53. Qd8+ Kg7 54. Qe7+) 43. Qb7+ $16 Kh6 (43... Kf8 $16) 44. Qc8 $2 (44. Qf7 $18) 44... Qe7 $132 {[%mdl 2048] And now ...Qe3+ would win. Black puts up resistance} 45. Be4 Nc4+ 46. Kd3 Nxa3 $2 {[%mdl 8192]} (46... Ne5+ $11 {and Black has nothing to worry.} 47. Ke2 Nc4) 47. Qc5 Qf7 48. Kxd4 $2 ({White has to play} 48. Qc1+ $18 Kg7 49. Qxa3) 48... Nc4 49. Kc3 Qf6+ 50. Qd4 Qe7 51. Qd1 a5 52. Qc1+ Kg7 53. bxa5 Nxa5 54. Qb2 {Threatens to win with Kc2+.} Qc5+ 55. Kd3+ Kh6 $2 {[%mdl 8192]} (55... Kf7 $11) 56. Qd2+ $18 {[%mdl 64] Double Attack} g5 57. Qxa5 Qc4+ 58. Ke3 Qc5+ 59. Ke2 Qc4+ 60. Bd3 Qe6+ 61. Kf2 Qa2+ 62. Qxa2 {Accuracy: White = 54%, Black = 50%.} 1-0

[Event "3rd Sharjah Masters 2019"]
[Site "Sharjah"]
[Date "2019.03.24"]
[Round "3.45"]
[White "Rathnakaran, K.."]
[Black "Mrudul, Dehankar"]
[Result "1-0"]
[WhiteElo "2361"]
[BlackElo "2078"]
[Annotator "NA"]
[PlyCount "85"]
[EventDate "2019.03.22"]
[EventType "swiss"]
[EventCountry "UAE"]
[SourceTitle "playchess.com"]
[Source "ChessBase"]
[SourceQuality "1"]
[TimeControl "5400+30"]

1. e4 {[%emt 0:00:00]} e5 {[%emt 0:00:01]} 2. Nf3 {[%emt 0:00:00]} Nc6 {[%emt 0:00:05]} 3. Bb5 {[%emt 0:00:00]} a6 {[%emt 0:00:05]} 4. Ba4 {[%emt 0:00:00]} Nf6 {[%emt 0:00:07]} 5. Qe2 {[%emt 0:00:00]} b5 {[%emt 0:05:18]} 6. Bb3 {[%emt 0:00:00]} Bc5 {[%emt 0:02:21]} 7. a4 {[%emt 0:00:07]} Bb7 {[%emt 0:06:08]} 8. c3 {[%emt 0:00:33]} d6 {[%emt 0:11:08]} 9. O-O {[%emt 0:00:09]} O-O {[%emt 0:00:18]} 10. d3 {[%emt 0:00:36]} Bb6 {[%emt 0:11:58]} 11. Bg5 {[%emt 0:00:10]} h6 {[%emt 0:00:59]} 12. Bh4 {[%emt 0:00:05]} Nb8 {[%emt 0:01:32]} 13. axb5 {[%emt 0:00:54]} axb5 {[%emt 0:00:16]} 14. Rxa8 {[%emt 0:00:18]} Bxa8 {[%emt 0:00:09]} 15. Na3 {[%emt 0:00:02]} Bc6 {[%emt 0:08:53]} 16. Nc2 {[%emt 0:00:36]} Nbd7 {[%emt 0:01:24]} 17. Ne3 {[%emt 0:01:03]} Nc5 {[%emt 0:06:40]} 18. Bd5 {[%emt 0:00:44]} Bxd5 {[%emt 0:10:57]} 19. Nxd5 {[%emt 0:02:17]} g5 {[%emt 0:07:04]} 20. Nxb6 {[%emt 0:00:07]} cxb6 {[%emt 0:07:18]} 21. Bg3 {[%emt 0:00:37]} Qe7 {[%emt 0:02:11]} 22. Ra1 {[%emt 0:00:15]} Qb7 {[%emt 0:02:37]} 23. Nd2 {[%emt 0:04:55]} Ra8 {[%emt 0:01:26]} 24. Re1 {[%emt 0:03:19]} Ra2 {[%emt 0:03:40]} 25. d4 {[%emt 0:03:20]} exd4 {[%emt 0:02:51]} 26. cxd4 {[%emt 0:01:58]} Ncxe4 {[%emt 0:01:04]} 27. Nxe4 {[%emt 0:07:10]} Qxe4 {[%emt 0:01:16]} 28. Qd1 {[%emt 0:00:14]} Qd5 {[%emt 0:00:34]} 29. h4 {[%emt 0:01:14]} Rxb2 {[%emt 0:01:10]} 30. hxg5 {[%emt 0:00:06]} hxg5 {[%emt 0:00:12]} 31. Qc1 {[%emt 0:00:10]} Ra2 {[%emt 0:02:43]} 32. Be5 {[%emt 0:00:20]} dxe5 {[%emt 0:01:41]} 33. Qxg5+ {[%emt 0:00:04]} Kf8 {[%emt 0:00:47]} 34. Qxf6 {[%emt 0:00:05]} e4 {[%emt 0:00:36]} 35. Rc1 {[%emt 0:08:17]} Ra8 {[%emt 0:00:24]} 36. Qh8+ {[%emt 0:00:13]} Ke7 {[%emt 0:00:06]} 37. Rc7+ {[%emt 0:00:07]} Kd6 {[%emt 0:01:21]} 38. Qh2+ {[%emt 0:00:05]} Ke6 {[%emt 0:00:17]} 39. Qh3+ {[%emt 0:00:12]} Kf6 {[%emt 0:00:19]} 40. Qh6+ {[%emt 0:00:03]} Kf5 {[%emt 0:00:16]} 41. Qh5+ {[%emt 0:00:13]} Ke6 {[%emt 0:00:09]} 42. Qxf7+ {[%emt 0:00:27]} Kd6 {[%emt 0:00:11]} 43. Qe7# {[%emt 0:00:06]} 1-0

[Event "3rd Sharjah Masters 2019"]
[Site "Sharjah"]
[Date "2019.03.24"]
[Round "3.46"]
[White "Krithigga, K."]
[Black "Fenil, Shah"]
[Result "1-0"]
[WhiteElo "2002"]
[BlackElo "2360"]
[Annotator "TA"]
[PlyCount "119"]
[EventDate "2019.03.22"]
[EventType "swiss"]
[EventCountry "UAE"]
[SourceTitle "playchess.com"]
[Source "ChessBase"]
[SourceQuality "1"]

{[%evp 17,119,16,7,8,29,31,29,22,14,10,33,14,29,39,67,60,177,171,268,241,246,243,273,236,261,223,501,439,542,529,516,509,767,554,767,733,731,705,692,447,504,480,486,481,552,425,412,406,531,472,490,479,463,460,467,354,596,597,591,560,582,570,594,576,929,929,1750,1468,29967,29968,29967,29970,29967,29968,4971,4076,5941,5941,29974,29975,29976,29977,29977,29977,29977,29974,29977,29975,29973,29974,29974,29975,29973,4686,29975,29976,29976,29977,29977,29978,29978,29979,29981,29982]} 1. c4 e5 2. g3 Nf6 3. Bg2 Nc6 4. Nc3 Bc5 5. d3 d6 6. Nf3 O-O 7. O-O a6 8. a3 Ba7 9. b4 h6 10. e3 {A29: English Opening: Four Knights Variation with 4 g3} (10. Bb2 Re8 11. e3 Ne7 12. Nd2 Rb8 13. Nde4 Ng6 14. Rc1 c6 15. c5 Nxe4 16. Nxe4 d5 17. Nd6 Bd7 18. Nxe8 Qxe8 {0-1 (44) Grischuk,A (2754)-Carlsen,M (2857) chess.com INT 2016}) 10... Rb8 11. Bb2 Be6 12. Rc1 {White has an edge.} Qd7 13. Re1 {[#]} Bh3 $146 ({Predecessor:} 13... Rfe8 14. Qc2 Ne7 15. c5 Nc6 16. d4 exd4 17. Nxd4 Nxd4 18. exd4 c6 {½-½ (42) Soffer,R (2489)-Jones,G (2593) Caleta 2011}) 14. Bh1 Ng4 15. Nd5 f5 16. d4 $1 f4 (16... Qf7 $1 $14) 17. exf4 $18 exf4 (17... Rfe8 $142 18. Qd3 (18. fxe5 dxe5 19. Re2 Bxd4 $16) 18... Qf7) 18. b5 ({Less strong is} 18. gxf4 Qf5 $14) 18... fxg3 19. hxg3 Nce5 20. b6 Bxb6 {[#]} 21. c5 $1 {[%cal Rc5b6]} Rxf3 $2 ({But not} 21... Qb5 $2 22. Ne7+ Kf7 23. cxb6 $18) (21... Nxf2 22. Kxf2 Nxf3 23. Bxf3 Ba5) 22. Bxf3 Nxf3+ 23. Qxf3 Rf8 24. Nf4 dxc5 (24... Ba5 $142 25. Qd5+ Qf7) 25. Qb3+ Kh7 26. Qc2+ Kg8 27. Qc4+ Kh7 28. Qd3+ Kg8 29. Nxh3 cxd4 30. Qc4+ Kh8 {intending ...Ne3.} 31. Qe6 Qxe6 32. Rxe6 d3 33. Rd1 Nxf2 34. Nxf2 Bxf2+ 35. Kg2 Bc5 {Threatening ...Rf2+.} 36. Rf1 d2 $2 {[#]} (36... Rd8 37. Rxh6+ Kg8) 37. Rxf8+ Bxf8 38. Rxh6+ $1 Kg8 39. Rh1 b5 40. Rd1 b4 41. Rxd2 a5 42. axb4 axb4 43. Rc2 c5 44. Kf3 Kf7 45. Ke4 Ke6 46. Rc4 Kd6 47. Kd3 Ke6 48. Rg4 Kf7 49. Kc4 g6 50. Bc1 Bd6 51. Be3 Kf6 52. Bxc5 Bc7 53. Bf2 Kf5 54. Rd4 Be5 55. Rd3 (55. Rd5 $142 Ke4 56. Rd3 Bc7 57. Bc5 g5 58. Bxb4 Bb6 59. Rd5 g4 60. Bc5) 55... Bc3 56. Rxc3 {White mates.} bxc3 57. Kxc3 Ke4 58. Bb6 g5 59. Bc7 g4 60. Kc4 {Accuracy: White = 85%, Black = 26%.} 1-0

[Event "3rd Sharjah Masters 2019"]
[Site "Sharjah"]
[Date "2019.03.24"]
[Round "3.47"]
[White "Gokhale, Anupama"]
[Black "Omar, Noaman"]
[Result "0-1"]
[WhiteElo "1994"]
[BlackElo "2356"]
[Annotator "NA"]
[PlyCount "62"]
[EventDate "2019.03.22"]
[EventType "swiss"]
[EventCountry "UAE"]
[SourceTitle "playchess.com"]
[Source "ChessBase"]
[SourceQuality "1"]
[TimeControl "5400+30"]

1. d4 {[%emt 0:00:00]} Nf6 {[%emt 0:01:36]} 2. c4 {[%emt 0:00:04]} b6 {[%emt 0:00:11]} 3. Nf3 {[%emt 0:01:22]} Bb7 {[%emt 0:00:10]} 4. g3 {[%emt 0:05:32]} c5 {[%emt 0:00:16]} 5. d5 {[%emt 0:02:27]} b5 {[%emt 0:00:06]} 6. Bg2 {[%emt 0:15:07]} g6 {[%emt 0:06:44]} 7. O-O {[%emt 0:04:09]} bxc4 {[%emt 0:00:08]} 8. Ne5 {[%emt 0:02:57]} Bg7 {[%emt 0:03:10]} 9. Nxc4 {[%emt 0:01:25]} d6 {[%emt 0:02:25]} 10. Nc3 {[%emt 0:05:47]} O-O {[%emt 0:00:50]} 11. Qc2 {[%emt 0:02:30]} Nbd7 {[%emt 0:01:39]} 12. h3 {[%emt 0:15:56]} Nb6 {[%emt 0:08:22]} 13. Ne3 {[%emt 0:01:38]} a5 {[%emt 0:08:24]} 14. Rb1 {[%emt 0:02:11]} a4 {[%emt 0:00:27]} 15. Rd1 {[%emt 0:07:03]} Ra6 {[%emt 0:01:39]} 16. Nf1 {[%emt 0:01:17]} Qa8 {[%emt 0:04:19]} 17. e4 {[%emt 0:00:20]} Rc8 {[%emt 0:00:59]} 18. Ne3 {[%emt 0:00:50]} Nfd7 {[%emt 0:00:17]} 19. b3 {[%emt 0:03:10]} axb3 {[%emt 0:01:50]} 20. axb3 {[%emt 0:00:06]} c4 {[%emt 0:00:26]} 21. b4 {[%emt 0:01:45]} Ne5 {[%emt 0:00:35]} 22. Ng4 {[%emt 0:02:00]} Nd3 {[%emt 0:00:52]} 23. Bh6 {[%emt 0:00:43]} Bh8 {[%emt 0:00:40]} 24. Qd2 {[%emt 0:01:47]} Nd7 {[%emt 0:01:37]} 25. Bg5 {[%emt 0:07:17]} Ra3 {[%emt 0:02:57]} 26. Bxe7 {[%emt 0:01:13]} Bxc3 {[%emt 0:00:58]} 27. Qg5 {[%emt 0:01:28]} Bg7 {[%emt 0:01:43]} 28. Bf1 {[%emt 0:01:56]} N3e5 {[%emt 0:04:10]} 29. Be2 {[%emt 0:01:17]} Qa7 {[%emt 0:03:40]} 30. Kf1 {[%emt 0:03:09]} c3 {[%emt 0:00:48]} 31. Rbc1 {[%emt 0:00:19]} Ra2 {[%emt 0:00:19]} 0-1

[Event "3rd Sharjah Masters 2019"]
[Site "Sharjah"]
[Date "2019.03.25"]
[Round "4.1"]
[White "Iturrizaga Bonelli, Eduardo"]
[Black "Le, Quang Liem"]
[Result "1/2-1/2"]
[WhiteElo "2639"]
[BlackElo "2715"]
[Annotator "TA"]
[PlyCount "78"]
[EventDate "2019.03.22"]
[EventType "swiss"]
[EventCountry "UAE"]
[SourceTitle "playchess.com"]
[Source "ChessBase"]
[SourceQuality "1"]

{[%evp 11,78,0,0,0,0,0,-2,-23,-17,-30,0,0,0,0,0,-4,0,0,0,0,0,0,0,0,46,38,34,44,23,32,27,34,36,28,61,43,35,49,42,47,44,0,0,0,0,0,0,0,0,0,0,0,0,0,0,0,0,0,0,0,0,0,0,0,0,0,0,0,0]} 1. c4 Nf6 2. Nc3 e5 3. Nf3 Nc6 4. e3 Bb4 5. Qc2 Bxc3 6. bxc3 O-O 7. e4 {A28: English Opening: Four Knights Variation} d6 8. g3 a6 (8... Kh8 9. d3 Ng8 10. Nh4 Nge7 11. Bg2 f5 12. exf5 Nxf5 13. Nf3 Nfe7 14. O-O h6 {1-0 (71) So,W (2765)-Harikrishna,P (2729) Kolkata 2018}) 9. Bg2 b5 $146 ({Predecessor:} 9... Be6 10. d4 Bxc4 11. Nd2 d5 12. Nxc4 dxc4 13. d5 Ne7 14. O-O {0-1 (38) Compagnie,L (2419)-Kulick,N (2084) ICCF email 2017}) 10. O-O h6 11. d4 Bg4 12. Be3 bxc4 13. Rfe1 Rb8 14. Nd2 exd4 15. cxd4 d5 16. exd5 Nb4 17. Qxc4 Nfxd5 18. Ne4 Be6 19. Qe2 $1 Bf5 20. Rac1 Re8 21. Nc5 Nf6 $1 22. Qc4 a5 23. Bd2 Rxe1+ 24. Bxe1 c6 25. a3 Nbd5 26. Qa4 Qb6 {The position is equal.} 27. Bxa5 Qb2 28. Rf1 Kh7 29. Qxc6 Qxd4 30. Qd6 Rb5 31. Bb4 $1 Qc4 32. Qe5 Bg6 33. Bxd5 $1 Nxd5 34. Nd7 Nxb4 35. Qe8 Bd3 {[#] White must now prevent ...h5.} 36. Nf8+ Kg8 37. Nd7+ Kh7 {Hoping for ...g5.} 38. Nf8+ Kg8 39. Ne6+ Kh7 {Accuracy: White = 82%, Black = 76%.} 1/2-1/2